[Event "Harbin U20 op"]
[Site "Harbin"]
[Date "2017.01.21"]
[Round "7"]
[White "Sun, Jiajun"]
[Black "Hu, Yu A"]
[Result "1/2-1/2"]
[WhiteElo "1918"]
[BlackElo "2066"]
[PlyCount "46"]
[EventDate "2017.01.18"]
[EventType "swiss"]
[EventRounds "9"]
[EventCountry "CHN"]
[SourceTitle "EXT 2018"]
[Source "ChessBase"]
[SourceDate "2017.10.13"]
[SourceVersion "1"]
[SourceVersionDate "2017.10.13"]
[SourceQuality "1"]

1. d4 f5 2. e4 fxe4 3. Nc3 Nf6 4. Bg5 g6 5. f3 e3 6. Bxe3 Bg7 7. Qd2 e6 8. 0-0-0 Nc6 9. d5 exd5 10. Nxd5 Nxd5 11. Qxd5 Qf6 12. c3 Ne7 13. Qd2 0-0 14. Bd4 Qf7 15. Bxg7 Kxg7 16. Kb1 d6 17. Qd4+ Qf6 18. Qxf6+ Rxf6 19. Bd3 Nc6 20. Be4 Ne7 21. Bd3 Nc6 22. Be4 Ne7 23. Bd3 Nc6 1/2-1/2

[Event "Zhongfu op 1st"]
[Site "Shijiazhuang"]
[Date "2015.08.15"]
[Round "8"]
[White "Sun, Jiajun"]
[Black "Peng, Hongchi"]
[Result "0-1"]
[WhiteElo "1938"]
[BlackElo "2150"]
[PlyCount "48"]
[EventDate "2015.08.08"]
[EventType "swiss"]
[EventRounds "9"]
[EventCountry "CHN"]
[SourceTitle "CBM 167 Extra"]
[Source "ChessBase"]
[SourceDate "2015.09.14"]
[SourceVersion "1"]
[SourceVersionDate "2015.09.14"]
[SourceQuality "1"]

1. e4 c5 2. Nf3 d6 3. d4 cxd4 4. Nxd4 Nf6 5. Nc3 g6 6. Be3 Bg7 7. f3 0-0 8. Qd2 Nc6 9. Bc4 Bd7 10. 0-0-0 Rb8 11. Kb1 b5 12. Bb3 Ne5 13. Nd5 Nxd5 14. Bxd5 a5 15. a3 b4 16. f4 Ng4 17. Nc6 Bxc6 18. Bxc6 bxa3 19. b3 Qc7 20. Bd5 Nxe3 21. Qxe3 a2+ 22. Kxa2 Qxc2+ 23. Ka3 Qb2+ 24. Ka4 Qa2# 0-1

[Event "Zhongfu op 1st"]
[Site "Shijiazhuang"]
[Date "2015.08.12"]
[Round "5"]
[White "Zhao, Shengxin"]
[Black "Sun, Jiajun"]
[Result "1/2-1/2"]
[WhiteElo "2080"]
[BlackElo "1938"]
[PlyCount "79"]
[EventDate "2015.08.08"]
[EventType "swiss"]
[EventRounds "9"]
[EventCountry "CHN"]
[SourceTitle "CBM 167 Extra"]
[Source "ChessBase"]
[SourceDate "2015.09.14"]
[SourceVersion "1"]
[SourceVersionDate "2015.09.14"]
[SourceQuality "1"]

1. d4 Nf6 2. c4 g6 3. Nc3 Bg7 4. e4 d6 5. Nf3 0-0 6. Be2 e5 7. 0-0 Nc6 8. d5 Ne7 9. b4 Ne8 10. c5 f5 11. Nd2 Nf6 12. f3 f4 13. Nc4 g5 14. Bd2 Ng6 15. Be1 Rf7 16. Bf2 Bf8 17. a4 h5 18. cxd6 Bxd6 19. Nb5 g4 20. Bxa7 g3 21. Nbxd6 cxd6 22. Bb6 Qe7 23. Kh1 Ra6 24. Bg1 gxh2 25. Bf2 h4 26. Qc2 h3 27. Nb6 hxg2+ 28. Kxg2 Rxb6 29. Qxc8+ Rf8 30. Qe6+ Qxe6 31. dxe6 Rxb4 32. Rfb1 Rxb1 33. Rxb1 Ra8 34. Bd1 Rc8 35. Kxh2 Rc7 36. Bb6 Rh7+ 37. Kg2 Kf8 38. Bb3 Ne8 39. Rc1 Nh4+ 40. Kf2 1/2-1/2

[Event "Zhongfu op 1st"]
[Site "Shijiazhuang"]
[Date "2015.08.11"]
[Round "4"]
[White "Sun, Jiajun"]
[Black "Qiu, Mengjie"]
[Result "0-1"]
[WhiteElo "1938"]
[BlackElo "2178"]
[PlyCount "88"]
[EventDate "2015.08.08"]
[EventType "swiss"]
[EventRounds "9"]
[EventCountry "CHN"]
[SourceTitle "CBM 167 Extra"]
[Source "ChessBase"]
[SourceDate "2015.09.14"]
[SourceVersion "1"]
[SourceVersionDate "2015.09.14"]
[SourceQuality "1"]

1. e4 e5 2. Nf3 Nc6 3. Bb5 Nf6 4. 0-0 Bc5 5. Re1 0-0 6. c3 d6 7. d4 Bb6 8. h3 Bd7 9. dxe5 Nxe5 10. Bxd7 Nfxd7 11. Be3 Re8 12. Nxe5 Nxe5 13. Bxb6 axb6 14. Na3 Qg5 15. Nb5 Re7 16. Nd4 Rae8 17. Nf5 Re6 18. Re3 Rg6 19. Rg3 Qf6 20. Rxg6 hxg6 21. Ng3 Nd7 22. Qd5 Nc5 23. Re1 Re5 24. Qd4 Kh7 25. Re3 Ne6 26. Qd2 Nf4 27. Kh2 g5 28. Rf3 g6 29. h4 Qe7 30. hxg5 Ne6 31. Re3 Qxg5 32. Kg1 Nc5 33. b4 Ne6 34. Nf1 Kg8 35. Rg3 Qxd2 36. Nxd2 d5 37. exd5 Rxd5 38. Nf1 Rd1 39. Re3 Ra1 40. Re2 Nf4 41. Rc2 Kf8 42. g3 Nd3 43. Rd2 Ne5 44. Rc2 Nf3+ 0-1